<?xml version="1.0" encoding="UTF-8"?>
<record
    xmlns:xsi="http://www.w3.org/2001/XMLSchema-instance"
    xsi:schemaLocation="http://www.loc.gov/MARC21/slim http://www.loc.gov/standards/marcxml/schema/MARC21slim.xsd"
    xmlns="http://www.loc.gov/MARC21/slim">

  <leader>00721nam a22001577a 4500</leader>
  <controlfield tag="003">OSt</controlfield>
  <controlfield tag="005">20151214155700.0</controlfield>
  <controlfield tag="008">151214b        xxu||||| |||| 00| 0 eng d</controlfield>
  <datafield tag="040" ind1=" " ind2=" ">
    <subfield code="c">RUA</subfield>
  </datafield>
  <datafield tag="082" ind1=" " ind2=" ">
    <subfield code="a">AED POR 2005 B219 Or.1</subfield>
  </datafield>
  <datafield tag="100" ind1=" " ind2=" ">
    <subfield code="9">4863</subfield>
    <subfield code="a">POR, RETH.</subfield>
  </datafield>
  <datafield tag="245" ind1=" " ind2=" ">
    <subfield code="a">The relationship between land productivity and land market case study from three villages in kampong thom provine, &#x1791;&#x17C6;&#x1793;&#x17B6;&#x1780;&#x17CB;&#x1791;&#x17C6;&#x1793;&#x1784;&#x179A;&#x179C;&#x17B6;&#x1784;&#x1795;&#x179B;&#x17B7;&#x178F;&#x1797;&#x17B6;&#x1796;&#x178A;&#x17B8;&#x1792;&#x17D2;&#x179B;&#x17B8; &#x1793;&#x17B7;&#x1784;&#x1791;&#x17B8;&#x1795;&#x17D2;&#x179F;&#x17B6;&#x179A;&#x178A;&#x17B8;&#x1792;&#x17D2;&#x179B;&#x17B8;&#x1780;&#x179A;&#x178E;&#x17B8;&#x179F;&#x17B7;&#x1780;&#x17D2;&#x179F;&#x17B6; &#x1797;&#x17BC;&#x1798;&#x17B7;&#x1785;&#x17C6;&#x1793;&#x17BD;&#x1793;&#x1794;&#x17B8; &#x1780;&#x17D2;&#x1793;&#x17BB;&#x1784;&#x1781;&#x17C1;&#x178F;&#x17D2;&#x178F;&#x1780;&#x17C6;&#x1796;&#x1784;&#x17CB;&#x1792;&#x17C6;</subfield>
  </datafield>
  <datafield tag="260" ind1=" " ind2=" ">
    <subfield code="a">Phnom Penh</subfield>
    <subfield code="b">RUA</subfield>
    <subfield code="c">2005</subfield>
  </datafield>
  <datafield tag="300" ind1=" " ind2=" ">
    <subfield code="a">x; 49p.</subfield>
    <subfield code="b">ill.</subfield>
    <subfield code="c">29cm.</subfield>
  </datafield>
  <datafield tag="942" ind1=" " ind2=" ">
    <subfield code="2">ddc</subfield>
    <subfield code="c">AED</subfield>
  </datafield>
  <datafield tag="999" ind1=" " ind2=" ">
    <subfield code="c">4521</subfield>
    <subfield code="d">4521</subfield>
  </datafield>
  <datafield tag="952" ind1=" " ind2=" ">
    <subfield code="0">0</subfield>
    <subfield code="1">0</subfield>
    <subfield code="2">ddc</subfield>
    <subfield code="4">0</subfield>
    <subfield code="6">AED_POR_2005_000000000000000_B219_OR_1</subfield>
    <subfield code="7">0</subfield>
    <subfield code="9">23488</subfield>
    <subfield code="a">LBB</subfield>
    <subfield code="b">LBB</subfield>
    <subfield code="c">B219</subfield>
    <subfield code="d">2015-12-14</subfield>
    <subfield code="o">AED POR 2005 B219 Or.1</subfield>
    <subfield code="p">RUA030052</subfield>
    <subfield code="r">2015-12-14</subfield>
    <subfield code="w">2015-12-14</subfield>
    <subfield code="y">AED</subfield>
  </datafield>
  <datafield tag="952" ind1=" " ind2=" ">
    <subfield code="0">0</subfield>
    <subfield code="1">0</subfield>
    <subfield code="2">ddc</subfield>
    <subfield code="4">0</subfield>
    <subfield code="6">AED_POR_2005_000000000000000_B219_OR_2</subfield>
    <subfield code="7">0</subfield>
    <subfield code="9">23489</subfield>
    <subfield code="a">LBB</subfield>
    <subfield code="b">LBB</subfield>
    <subfield code="c">B219</subfield>
    <subfield code="d">2015-12-14</subfield>
    <subfield code="o">AED POR 2005 B219 Or.2</subfield>
    <subfield code="p">RUA030040</subfield>
    <subfield code="r">2015-12-14</subfield>
    <subfield code="w">2015-12-14</subfield>
    <subfield code="y">AED</subfield>
  </datafield>
  <datafield tag="952" ind1=" " ind2=" ">
    <subfield code="0">0</subfield>
    <subfield code="1">0</subfield>
    <subfield code="2">ddc</subfield>
    <subfield code="4">0</subfield>
    <subfield code="6">AED_POR_2005_000000000000000_B219_OR_3</subfield>
    <subfield code="7">0</subfield>
    <subfield code="9">23490</subfield>
    <subfield code="a">LBB</subfield>
    <subfield code="b">LBB</subfield>
    <subfield code="c">B219</subfield>
    <subfield code="d">2015-12-14</subfield>
    <subfield code="o">AED POR 2005 B219 Or.3</subfield>
    <subfield code="p">RUA030245</subfield>
    <subfield code="r">2015-12-14</subfield>
    <subfield code="w">2015-12-14</subfield>
    <subfield code="y">AED</subfield>
  </datafield>
  <datafield tag="952" ind1=" " ind2=" ">
    <subfield code="0">0</subfield>
    <subfield code="1">0</subfield>
    <subfield code="2">ddc</subfield>
    <subfield code="4">0</subfield>
    <subfield code="6">AED_POR_2005_000000000000000_B219_OR_4</subfield>
    <subfield code="7">0</subfield>
    <subfield code="9">23491</subfield>
    <subfield code="a">LBB</subfield>
    <subfield code="b">LBB</subfield>
    <subfield code="c">B219</subfield>
    <subfield code="d">2015-12-14</subfield>
    <subfield code="o">AED POR 2005 B219 Or.4</subfield>
    <subfield code="p">RUA030132</subfield>
    <subfield code="r">2015-12-14</subfield>
    <subfield code="w">2015-12-14</subfield>
    <subfield code="y">AED</subfield>
  </datafield>
  <datafield tag="952" ind1=" " ind2=" ">
    <subfield code="0">0</subfield>
    <subfield code="1">0</subfield>
    <subfield code="2">ddc</subfield>
    <subfield code="4">0</subfield>
    <subfield code="6">AED_POR_2005_000000000000000_B219_OR_5</subfield>
    <subfield code="7">0</subfield>
    <subfield code="9">23492</subfield>
    <subfield code="a">LBB</subfield>
    <subfield code="b">LBB</subfield>
    <subfield code="c">B219</subfield>
    <subfield code="d">2015-12-14</subfield>
    <subfield code="l">1</subfield>
    <subfield code="o">AED POR 2005 B219 Or.5</subfield>
    <subfield code="p">RUA030850</subfield>
    <subfield code="r">2017-09-02</subfield>
    <subfield code="s">2017-08-19</subfield>
    <subfield code="w">2015-12-14</subfield>
    <subfield code="y">AED</subfield>
  </datafield>
</record>
